Tactical pilotage chart, TPC. K-14D, Federated States of Micronesia, 1991 /

Bibliographic Details
Corporate Author: Aerospace Center (U.S.)
Format: Government Document Map
Language:English
Published: St. Louis, Mo. : The Center ; [1992]
Edition:Ed. 1.
Subjects:

MARC

Tag First Indicator Second Indicator Subfields
LEADER 00000cem a2200000 a 4500
001 in00001069123
005 20150929103302.0
007 aj canzn
008 920310s1992 mougek cc a f 0 eng d
010 |a (DG92064805  
034 1 |a a  |b 500000  |d E1470000  |e E1533000  |f N0120000  |g N0080000 
035 |a (OCoLC)25422660 
035 |9 AFP6038AM 
037 |a TPCXXK 14 D  |b DMA 
040 |a GPO  |c GPO  |d DLC  |d UtOrBLW 
052 |a 9231 
074 |a 378-E-5 
086 0 |a D 5.354:TPC K-14 D/991 
090 |a G3201.P6 s500 .U5D4 TPC K-14D 
110 2 |a Aerospace Center (U.S.) 
245 1 0 |a Tactical pilotage chart, TPC.  |n K-14D,  |p Federated States of Micronesia, 1991 /  |c prepared and published by the Defense Mapping Agency Aerospace Center. 
250 |a Ed. 1. 
255 |a Scale 1:500,000 ;  |b Lambert conformal conic proj., standard parallels 920ʹ and 1440ʹ (E 14700ʹ--E 15330ʹ/N 1200ʹ--N 800ʹ). 
264 1 |a St. Louis, Mo. :  |b The Center ;  |c [1992] 
264 2 |a [Washington, D.C.] :  |b [DMA, Combat Support Center, DOA, distributor], 
300 |a 1 map :  |b color ;  |c 105 x 146 cm. folded to 27 x 37 cm. 
336 |a cartographic image  |b cri  |2 rdacontent 
337 |a unmediated  |b n  |2 rdamedia 
338 |a sheet  |b nb  |2 rdacarrier 
500 |a Relief shown by shading, tints, and spot heights. 
500 |a "Air information current through 9 September 1991." 
500 |a "Compiled October 1991." 
500 |a "Lithographed by DMMAC 1-92." 
500 |a Includes elevation tints and interchart relationship diagrams. 
500 |a Cartographic material. 
650 0 |a Aeronautical charts  |z Micronesia (Federated States) 
740 0 |a Federated States of Micronesia. 
740 0 |a Tactical pilotage chart. 
740 0 |a TPC. 
999 |a MARS 
999 f f |s d5f65507-93c7-34e7-98e6-51cd5e819df2  |i 909124fa-9d1c-3c17-a5d9-9cdbbbde335d  |t 0 
952 f f |p normal  |a Texas A&M University  |b College Station  |c Sterling C. Evans Library  |d Evans: Maps File (2nd floor)  |t 0  |e G3201.P6 s500 .U5 TPC K-14D  |h Library of Congress classification  |i unmediated -- sheet  |m A14818131236 
998 f f |a G3201.P6 s500 .U5 TPC K-14D  |t 0  |l Evans: Maps File (2nd floor)